| 000 | 00369nam a2200145Ia 4500 | ||
|---|---|---|---|
| 005 | 20250430005927.0 | ||
| 008 | 240331s9999 xx 000 0 und d | ||
| 082 |
_bKEE _a891 |
||
| 100 | _aKeerthinanda,I | ||
| 245 | 0 | _aSasala nisasala | |
| 260 |
_aColombo _bInoka keerthinatha & Malini Kodithuwakku _c1984 |
||
| 300 | _a32 p ., | ||
| 500 | _aA Book of Poems | ||
| 942 | _cL | ||
| 999 |
_c4935 _d4935 |
||